Statistiques concernant 15 principaux pays touchés par Covid-19 - 1 juillet 2022

Cliquez ici pour prendre le quiz!

Statistiques générales

  • Ce quiz a été pris 42 fois
  • Le résultat moyen est 15 sur 29

Statistiques - réponses

pays% Correct
États-Unis
100%
France
100%
Italie
92%
Espagne
89%
Inde
89%
Japon
89%
Royaume-Uni
86%
Allemagne
84%
Brésil
84%
Russie
84%
Argentine
73%
Belgique
59%
Portugal
59%
Suisse
54%
Corée du Sud
51%
Pays-Bas
46%
Pays-Bas
46%
Autriche
41%
Turquie
41%
Danemark
32%
Tchèquie
27%
Viêt Nam
27%
Slovénie
19%
Israël
14%
Lettonie
11%
Estonie
8%
Lituanie
8%
Géorgie
5%
Chypre
0%

Distribution des résultats

Percentile par nombre de réponses

% des personnes avec chaque résultat

Votre développement - résultats

Vous n’avez pas pris ce quiz